000 00264nam a22001217a 4500
020 _a0-7214-0813-3
082 _a823
_bSHELLEY, MARY
100 _aSHELLY, MARY
245 _aFRANKENSTEIN
260 _aUK
_bLADYBIRD
650 _aENGLISH SHORT STORY
_zUK
942 _cBK
999 _c4899
_d4899